Kraaiachtigen in Europa met foto’s - Statistieken

Algemene statistieken
  • Deze quiz is 18 keer genomen
  • De gemiddelde score is 6 van 9
Antwoordstatistieken
Foto Antwoord % Correct
Ekster (Pica pica)
87%
Raaf (Corvus corax)
87%
Gaai (Garrulus glandarius)
80%
Zwarte Kraai (Corvus corone)
80%
Kauw (Coloeus monedula)
67%
Roek (Corvus frugilegus)
53%
Bonte Kraai (Corvus cornix)
47%
Alpenkauw (Pyrrhocorax graculus)
27%
Alpenkraai (Pyrrhocorax pyrrhocorax)
27%
Geen overeenkomende quizzen gevonden
Scoreverdeling
Procent van Mensen met Elke Score
Percentiel versus Aantal Correcte Antwoorden
Uw Scoregeschiedenis
U heeft deze quiz nog niet genomen